| 000 | 00424nam a2200157Ia 4500 | ||
|---|---|---|---|
| 003 | GCL | ||
| 008 | 140319s9999 xx 000 0 eng d | ||
| 040 |
_aGCL / _cGCL |
||
| 082 | 0 | 4 |
_a709.04 _bL T |
| 100 | 1 | _aLAMBERT, RASEMARY | |
| 245 | 1 | 0 |
_aThe Twentieth century / _cLAMBERT, RASEMARY |
| 260 |
_a[S.N] : _bCAMLRIDGE UNIVERSITY PRESS ، _c1991 |
||
| 300 | _a90 | ||
| 650 | 0 | 4 | _aART, MODERN - 20 TH CENTURY |
| 942 |
_2ddc _cBK |
||
| 999 |
_c17279 _d17279 |
||